00428nam a2200157Ia 4500001000500000005001700005008004100022041000800063082001500071100002100086245011000107260000900217300002800226650000800254654000800262809620260306160544.0260306t2015||||xx |||||||||||||| ||spa|| aESP a370.1bR68 aRivas, AxeleAUT 0aAmérica Latina después de PISA:blecciones aprendidas de la educación en siete países (2000-2015) c2015 a353 páginas :c23 cm. aGEN aCED